000 00677nam a2200253Ia 4500
003 OSt
005 20220923214422.0
006 a|||||r|||| 00| 0
007 ta
008 220922b |||||||| |||| 00| 0 hin d
024 _a169,476
037 _cTextual
040 _aARTS
_cARTS
_bhin
041 _2hin
_ahin
082 _aO152,3M90,VI, K6
100 _aगुरूदत
245 0 _aविडम्बना
246 _aViḍambanā
250 _aसंस्क0 4
260 _c1966
650 _aहिन्दी साहित्य
_9156264
942 _hO152,3M90,VI, K6
_cTEXL
_2CC
999 _c323897
_d323897